| 000 | 01180nam a2200289Ia 4500 | ||
|---|---|---|---|
| 003 | OSt | ||
| 005 | 20221007123428.0 | ||
| 006 | a|||||r|||| 00| 0 | ||
| 007 | ta | ||
| 008 | 221006b |||||||| |||| 00| 0 eng d | ||
| 020 |
_a8120312694 (pbk) _cRs.195.00 |
||
| 024 | _a11128 | ||
| 037 |
_bMonika, _cTextual |
||
| 040 |
_aPAPL _cPAPL _beng |
||
| 041 |
_2eng _aeng |
||
| 082 | _aC:f3, P0 | ||
| 100 | _aSayer Michael | ||
| 245 | 0 |
_aMeasurement instrumentation and experiment design in physics and engineering by Michael Sayer and Abhai Mansingh _b Abhai Mansingh |
|
| 260 |
_aNew _bDelhi Prentice-Hall of India Private Limited _c2000 |
||
| 300 |
_axii, 368p _ccm. |
||
| 500 | _a (Reprinted in 2003); ; Includes bibliographical references; Appendix 1-6,335-359p; Index 361-368p; ^n23/CSL/CARPA/2003-2004/969^d2003-11-10^mPurchase; ; 2003-04/508^b2003-11-24^c505^d2003-11-17^eRs.7,403.00^dMonika Book Distributors; ; 2002-01-12^bSB^c2004-01-12^dVinay | ||
| 650 |
_a Experimental _9717015 |
||
| 650 | _aPhysics | ||
| 700 |
_a Abhai Mansingh _9717219 |
||
| 942 |
_hC:f3, P0 _cTEXL _2CC |
||
| 999 |
_c1211865 _d1211865 |
||